000 01036nam a2200181 a 4500
005 20260408095135.0
008 260307s2009##################000#0#eng##
020 _a9780415498425
_qpbk
082 0 4 _a327
_bSIM
100 1 _aSimon, Steven
245 1 0 _aRethinking Afghanistan : Tsur 51. 5 :
_c/Steven Simon et all/..
260 _c2009.
_bRoutledge
300 _a238p,;
_c28 cm.
504 _aindex
520 _aSurvival, the IISS’s bimonthly journal, challenges conventional wisdom and brings fresh, often controversial, perspectives on strategic issues of the moment. With a diverse range of authors, thoughtful reviews and review essays, Survival is scholarly in depth while vivid, well-written and policy-relevant in approach. Shaped by its editors to be both timely and forward-thinking, the journal encourages writers to challenge conventional wisdom and bring fresh, often controversial, perspectives to bear on the strategic issues of the moment. October - November 2009.
650 0 _apolitical science
942 _cREF
999 _c617175
_d617175